Представление документа в формате MARC21

Поле Инд. ПП Название Значение
Тип записи a
Библиографический уровень b
001 Контрольный номер RU/IS/BASE/235054355
005 Дата корректировки 20200522191126.3
040 b Код языка каталог. rus
e Правила каталог. PSBO
041 0_ a Код языка текста rus
084 a Индекс другой классификации/Индекс ББК 81.411.2-3-03
100 1_ a Автор Анищенко О. А.
245 10 a Заглавие Иноязычное влияние на словотворчество школьников в России XIX века
504 a Библиография Библиогр. - Примеч.: с. 129 - 130
650 a Основная рубрика лексикология
a Основная рубрика русский язык
a Основная рубрика филологические науки
a Основная рубрика частное языкознание
a Основная рубрика языкознание
a Основная рубрика история языка
653 a Ключевые слова XIX век
a Ключевые слова заимствования
a Ключевые слова заимствованные слова
a Ключевые слова иностранные слова
a Ключевые слова иноязычная лексика
a Ключевые слова иноязычные слова
a Ключевые слова латинский язык
a Ключевые слова лексика
a Ключевые слова немецкий язык
a Ключевые слова Россия
a Ключевые слова словотворчество
a Ключевые слова студенты
a Ключевые слова французский язык
a Ключевые слова школьники
773 0_ t Заглавие источника Вестник Московского университета. Серия 9, Филология
d Дата издания источника 2007
g Прочая информация № 1. - С. 122 - 130
w Контрольный № источника RU/IS/BASE/229700507
901 t Тип документа b